Vállalati gazdaságtan a kereskedelmi akadémia számára 4
Salvato in:
| Autore principale: | |
|---|---|
| Altri autori: | , , , |
| Natura: | Libro |
| Lingua: | ungherese |
| Pubblicazione: |
Bratislava
Slovenské pedagogické nakladateľstvo - Mladé letá
2019
|
| Edizione: | 2. aktualizované a prepracované vydanie (második, aktualizált és javított kiadás) |
| Soggetti: | |
| Tags: |
Nessun Tag, puoi essere il primo ad aggiungerne!!
|
MARC
| LEADER | 00000nam a2200000 4500 | ||
|---|---|---|---|
| 001 | 0261207 | ||
| 005 | 20240502074139.7 | ||
| 020 | |a 978-80-10-03635-6 | ||
| 041 | 0 | |a hun | |
| 044 | |a SK | ||
| 245 | 1 | 0 | |a Vállalati gazdaságtan a kereskedelmi akadémia számára 4 |c Darina Orbánová, Ľudmila Velichová ; Lektorálták-lektorovali: Eva Glatzová, Daniela Skladanová, Gizela Plavcová |
| 250 | |a 2. aktualizované a prepracované vydanie (második, aktualizált és javított kiadás) | ||
| 264 | 1 | |a Bratislava |b Slovenské pedagogické nakladateľstvo - Mladé letá |c 2019 | |
| 300 | |a [188 s.] [9,6 AH] | ||
| 610 | 2 | 0 | |a bankovníctvo |
| 610 | 2 | 0 | |a papiere cenné |
| 610 | 2 | 0 | |a trh poistný |
| 610 | 2 | 0 | |a manažment |
| 610 | 2 | 0 | |a vklady |
| 610 | 2 | 0 | |a hospodárstvo podnikové |
| 610 | 2 | 0 | |a financie |
| 100 | 1 | |a Orbánová, Darina | |
| 700 | 1 | |a Velichová, Ľudmila | |
| 700 | 1 | |a Glatzová, Eva | |
| 700 | 1 | |a Skladanová, Daniela | |
| 700 | 1 | |a Plavcová, Gizela | |